| 000 | 00553nam a2200193Ia 4500 | ||
|---|---|---|---|
| 003 | LDD | ||
| 008 | 181029s9999 xx 000 0 und d | ||
| 020 |
_a8178353423 _c1800.00 |
||
| 040 | _cLDD | ||
| 100 | _aGaur, Mathendra | ||
| 245 | 0 |
_aForeign policy annual, 2006 Part 1 _bChronology of events _cMathendra Gaur |
|
| 260 |
_aDelhi _bKalpaz _c2006 |
||
| 300 | _a2v | ||
| 365 | _b1800.00 | ||
| 901 |
_a3696 _b16-01-2007 |
||
| 902 |
_a82935 _b19-01-2007 _cF _dIBD _e35 |
||
| 903 |
_aDiscount-10 _bReqst by : Alka Dhameja |
||
| 942 |
_2ddc _cBK |
||
| 999 |
_c77422 _d77422 |
||